A case study on the failure of a multinational company in Singapore /
Saved in:
| 主要作者: | |
|---|---|
| 格式: | Thesis 圖書 |
| 語言: | English |
| 出版: |
1984.
|
| 主題: | |
| 標簽: |
添加標簽
沒有標簽, 成為第一個標記此記錄!
|
| LEADER | 00911nam a2200265 4500 | ||
|---|---|---|---|
| 001 | u49627 | ||
| 003 | SIRSI | ||
| 008 | 870316s1984 si v 0 eng | ||
| 015 | |a X860001852 | ||
| 035 | |a AAF-3418 | ||
| 040 | |a UMM | ||
| 043 | |a a-si--- | ||
| 090 | 0 | 0 | |a HD2755.5 |b Yeo |
| 100 | 1 | 0 | |a Yeo, Kang Joon |
| 245 | 1 | 2 | |a A case study on the failure of a multinational company in Singapore / |c by Yeo Keng Joon |
| 260 | |c 1984. | ||
| 300 | |a xii, 168 leaves ; |c 30cm | ||
| 502 | |a Dissertation (M.P.A.) -- National University of Singapore, 1984 | ||
| 504 | 0 | 0 | |a Bibliography: leaves 166-168 |
| 650 | 0 | |a International business enterprises |z Singapore | |
| 650 | 0 | |a Bankruptcy |z Singapore |x Mathematical models | |
| 650 | 0 | |a Corporate reorganizations |z Singapore | |
| 948 | |a 16/03/1991 |b 16/03/1991 | ||
| 596 | |a 1 | ||
| 999 | |a HD2755.5 YEO |w LC |c 1 |i A010021308 |d 27/3/2012 |e 26/3/2012 |l STACKS |m P01UTAMA |n 4 |r Y |s Y |t TESIS |u 24/10/1991 | ||
